01866 2200337 4500001002100000005001500021035002000036007000300056008004100059020002200100082001400122084002000136100003200156245017100188250002000359300003900379700002600418700002600444520080700470600002301277264004301300336002101343337003001364338002301394650003101417990001601448990001601464990001601480990001601496990001601512INLIS00000000000021720260430022112 a0010-0426000216ta260430 b 0 ind  a978-623-135-573-7 a306.09598 a306.09598 MAT s0 aMatthew SenangsaePengarang1 aSerial ragam pesona Nusantara Bangka Belitung / perang ketupat dan cerita lainnya dari Bangka Belitung /cMatthew Senangsa ; editor, Tim Hikam ; ilustrator, Tim Hikam aCetakan Pertama a36 halaman :bilustrasi ;c23,5 cm0 aTim HikamePenyunting0 aTim HikameIlustrator aDewasa ini kesadaran dari putra-putri komponen anak bangsa mulai terkikis dan teralihkan ke visual digital pesawat genggam, budaya dan alam Nusantara yang seharusnya dilestarikan dan dijaga, menunjukkan indikasi ke arah yang semakin menurun. Bangsa Indonesia merupakan negara dengan beragam budaya dan kekayaan alam, budaya-budaya lokal yang ada di Nusantara muncul dan eksis terlebih dulu, sedangkan budaya bangsa muncul setelahnya. Kekayaan budaya dan Alam Nusantara ini menjadi situs budaya leluhur yang bernilai tinggi dan wajib diwariskan ke setiap generasi Bangsa. Dengan demikian, sudah seharusnya sebagai generasi Bangsa wajib menjaga dan melestraikannya supaya Budaya dan Alam Nusantara tersebut menjadi situs turun temurun bagi Bangsa ini. semoga menginspirasi bagi kita semua, salam literasi 4aBacaan Kanak-kanak aYogyakarta :bHikam Media Utama,c2023 2rdacontentaTeks 2rdamediaaTanpa Perantara 2rdacarrieraVolume 4aKebudayaan Bangka Belitung aNM000334/25 aPT000378/25 aAT000537/25 aPP000751/25 aPP000792/25